Discurso del presidente Ronald Reagan ante la ONU, setiembre 24, 1984, donde definió la política exterior de los Estados Unidos

Gorde:
Xehetasun bibliografikoak
Egile nagusia: Reagan, Ronald
Formatua: Texto
Argitaratua: San José :
Gaiak:
Etiketak: Etiketa erantsi
Etiketarik gabe, Izan zaitez lehena erregistro honi etiketa jartzen!

MARC

LEADER 00000 a a2200000 04500
001 14235
003
040 |a CRAI/IIS  |c CRAI/IIS 
090 |a 022100  
100 |a Reagan, Ronald  
245 |a Discurso del presidente Ronald Reagan ante la ONU, setiembre 24, 1984, donde definió la política exterior de los Estados Unidos  
260 |a San José :  
300 |a 16 p.  
650 |a POLITICA EXTERIOR  
999 |c 4450  |d 4450